Responses for Show #7135 - Friday, September 25, 2015

Matt Jackson game 1.

Contestants

[<< previous game]

Matt Jackson, a paralegal from Washington, D.C.

Laura Varriale, a government attorney from Madison, Wisconsin

Dylan Parson, a student from Slippery Rock, Pennsylvania (whose 3-day cash winnings total $29,799)

[next game >>]

Jeopardy! Round responses

ALSO A CABINET DEPARTMENT
HAIKU ABOUT THE POET
NICKNAMES
SOUTH AMERICAN CAPITALS
THE "MAR" THE MERRIER
THAT'S A WRAP!
(Alex: ...in which you have to name the movie with the described ending that we will provide as the clue.)
    $200 27
Labor

Laura
    $200 30
Dante

Matt
    $200 28
New Hampshire

Matt
    $200 10
Santiago

Laura
    $200 29
the marquee

Matt
    $200 7
Citizen Kane

Matt
    $400 26
Commerce

Dylan
    $400 24
Percy Shelley

Matt
    $400 16
"Old Hickory"

Matt
    $400 11
Buenos Aires

Matt
    $400 25
marzipan

Matt
    $400 9
Fargo

Laura
    $600 19
(Alex: Yes, "[*], [*]!")

Defense

Dylan
    $600 23
(Walt) Whitman

Matt
    $600 15
"The Wolf of Wall Street"

Laura
    $600 12
Caracas

Dylan
    $600 22
marginalize

Dylan
    $600 8
Goodfellas

Laura
    $800 4
Transportation

Dylan
    $800 18
Elizabeth Barrett Browning

Laura
    $800 14
(René) Lacoste

Matt
    $1,000 2
(Dylan: What is... Cuzco?)

Asunción

Dylan
    $800 21
Marrakesh

Matt
    $800 6
All Is Lost

Triple Stumper
    $1000 3
Energy

Triple Stumper
    $1000 17
Keats

Matt
    $1000 13
New Orleans

Dylan
    $1000 1
(Dylan: What is La Paz?)

Bogotá

Dylan
Triple Stumper
    $1000 20
martinet

Triple Stumper
    $1000 5
Easy Rider

Laura

Scores at the first commercial break (after clue 14):

Dylan Laura Matt
$400 $2,200 $1,400

Scores at the end of the Jeopardy! Round:

Dylan Laura Matt
$2,000 $3,800 $5,600

Double Jeopardy! Round responses

THE BOOK OF NORMAN
FICTIONAL TV TOWNS
THE VIKINGS
LET'S STOP AT THE GAS STATION
SHELL
X ON
(Alex: ...each correct response will be two words.)
    $400 30
Jesus Christ

Matt
    $400 3
Friday Night Lights

Laura
    $400 29
the hammer

Matt
    $400 25
a map

Dylan
    $400 28
a crab

Matt
    $400 27
ape & apex

Matt
    $800 17
Stormin' Norman

Dylan
    $800 4
True Blood

Matt
    $800 26
Oslo

Matt
    $800 24
Oregon

Laura
    $800 21
a conch (shell)

Matt
    $800 23
tri- & Trix

Laura
    $1200 16
the Northern Lights

Laura
    $1200 5
Arrow

Triple Stumper
    $1200 6
Labrador

Matt
    $1200 12
(Laura: What is Pennzoil?)
...
(Alex: Here comes the sun, yes.)

Sunoco

LauraMatt
    $1200 20
(Laura: What are Oysters?)
(Dylan: What are Snails?)

Mussels

DylanLaura
Triple Stumper
    $1200 22
span & Spanx

Triple Stumper
    $1600 15
Norman Vincent Peale

Dylan
    $1600 10
Northern Exposure

Laura
    $5,000 7
Normandy

Matt
    $1600 13
Pemex

Matt
    $3,000 19
tortoise shell

Dylan
    $1600 9
lo & lox

Laura
    $2000 14
(Dylan: Who is Schindler?)

Albert Schweitzer

Dylan
Triple Stumper
    $2000 11
Dark Shadows

Triple Stumper
    $2000 18
a keel

Dylan
    $2000 1
(Laura: Who is Daimler?)

Benz

DylanLaura
    $2000 2
puka shells

Laura
    $2000 8
code & codex

Matt

Scores at the end of the Double Jeopardy! Round:

Dylan Laura Matt
$8,600 $7,800 $20,600
(lock game)

[wagering suggestions for these scores]

Final Jeopardy! Round responses

EUROPEAN CITIES
(Alex: [To Dylan] [*], in Italy, yes.)
LauraWhat is Amsterdam?
$7,388
DylanWhat is Venice?
$8,598
MattWhat is Venice
$600
Venice

Final scores:

Dylan Laura Matt
$17,198 $412 $21,200
2nd place: $2,000 3rd place: $1,000 New champion: $21,200

Game dynamics:

Coryat scores:

Dylan Laura Matt
$8,200 $7,800 $17,200
12 R
(including 1 DD),
4 W
(including 1 DD)
14 R,
3 W
24 R
(including 1 DD),
0 W

Combined Coryat: $33,200

[game clues] [game scores] [suggest correction]

Game tape date: 2015-08-26
The J! Archive is created by fans, for fans. Scraping, republication, monetization, and malicious use prohibited; this site may use cookies and collect identifying information. See terms. The Jeopardy! game show and all elements thereof, including but not limited to copyright and trademark thereto, are the property of Jeopardy Productions, Inc. and are protected under law. This website is not affiliated with, sponsored by, or operated by Jeopardy Productions, Inc. Join the discussion at JBoard.tv.